LEGO Indiana Jones: The Original Adventures Characters - Statistics

General Stats
  • This quiz has been taken 40 times
  • The average score is 43 of 89
Answer Stats
Answer % Correct
Indiana Jones
100%
Indiana Jones (Army Disguise)
100%
Indiana Jones (Desert)
100%
Indiana Jones (Desert Disguise)
100%
Indiana Jones (Dinner Suit)
100%
Indiana Jones (Kali)
100%
Indiana Jones (Officer)
100%
Indiana Jones (Professor)
100%
Young Indy
100%
Marion
81%
Short Round
81%
Marion (Cairo)
73%
Marion (Evening Dress)
73%
Marion (Nightgown)
73%
Henry Jones Sr.
69%
Elsa
65%
Elsa (Desert)
65%
Elsa (Officer)
65%
Sallah (Desert)
65%
Sallah (Fez)
65%
Willie
65%
Willie (Ceremony)
62%
Willie (Dinner Suit)
62%
Willie (Evening Dress)
62%
Willie (Pajamas)
62%
Belloq
58%
Belloq (Jungle)
58%
Belloq (Robes)
58%
Brody
58%
Chattar Lal (Thuggee)
58%
Enemy Officer
58%
Enemy Officer (Desert)
58%
Han Solo
58%
Satipo
58%
Thuggee
58%
Thuggee Acolyte
58%
Thuggee Slave Driver
58%
Enemy Boxer
54%
Enemy Soldier
54%
Jock
54%
Major Toht
54%
Mola Ram
54%
Donovan
50%
Enemy Guard
50%
Enemy Guard (Mountains)
50%
Enemy Pilot
50%
Slave Child
50%
Enemy Radio Operator
46%
Boy Scout
42%
British Soldier
42%
Chattar Lal
42%
Enemy Butler
42%
Grail Knight
42%
Colonel Dietrich
38%
Colonel Vogel
38%
Fedora
38%
British Officer
35%
Lao Che
31%
Maharajah
31%
Bazooka Trooper (Crusade)
27%
Bazooka Trooper (Raiders)
27%
Captain Katanga
27%
Dancing Girl
27%
Dancing Girl 2
27%
Monkey Man
27%
Village Elder
27%
Barranca
23%
Kazim
23%
Kazim (Desert)
23%
Santa
23%
Wu Han
23%
Bandit
19%
Bandit Swordsman
19%
Chen
19%
First Mate
19%
Grave Robber 1
19%
Grave Robber 2
19%
Hovitos Tribesman
19%
Masked Bandit
19%
Pankot Guard
19%
Village Dignitary
19%
British Commander
15%
Kao Kan
15%
Pankot Assassin
15%
Sherpa Brawler
15%
Sherpa Gunner
15%
Shanghai Hoodlum 1
8%
Shanghai Hoodlum 2
8%
Jungle Gude
4%
No matching quizzes found
Score Distribution
Percent of People with Each Score
Percentile by Number Answered
Your Score History
You have not taken this quiz